|
|
|
|
| LEADER |
00000nab a2200000 a 4500 |
| 001 |
vtls000915781 |
| 003 |
SK-MaSNL |
| 005 |
20260302173406.0 |
| 008 |
040720e19921124xo 0 slo |
| 035 |
|
|
|a KE24664
|
| 040 |
|
|
|a KEVKJB
|b slo
|c KEVKJB
|e AACR2
|
| 041 |
0 |
|
|a slo
|
| 044 |
|
|
|a xo
|c SK
|
| 080 |
|
|
|a 362.41
|2 1981
|
| 100 |
1 |
|
|a Podhorská, Kveta
|4 aut
|9 872973
|
| 245 |
1 |
0 |
|a Plnohodnotný život
|b Prvé ambulantné zariadenie na Slovensku
|
| 610 |
2 |
7 |
|a Ambulantné stredisko sociálnej rehabilitácie, Košice
|2 KEVKJB
|9 881082
|
| 650 |
0 |
7 |
|a zriadenie
|2 KEVKJB
|9 873455
|
| 650 |
0 |
7 |
|a služby zrakovo postihnutým
|2 KEVKJB
|9 881083
|
| 650 |
0 |
7 |
|a ciele
|2 KEVKJB
|9 536478
|
| 650 |
0 |
7 |
|a informácie
|2 KEVKJB
|9 1285
|
| 651 |
|
7 |
|a KE,
|2 KEVKJB
|9 877256
|
| 655 |
|
7 |
|a periodikum
|2 snkbucl
|9 29553
|
| 710 |
2 |
|
|a Ambulantné stredisko sociálnej rehabilitácie, Košice
|4 aut
|9 881082
|
| 773 |
0 |
8 |
|t Lúč
|g Roč. 1, č.49, 24.11.1992, s. 3
|
| 852 |
|
|
|a ZVYKNI
|b KIS3GCP
|
| 999 |
|
|
|c 1401439
|d 1403369
|